[Event "Krumbach op"]
[Site "Krumbach"]
[Date "1991.??.??"]
[Round "2"]
[White "Vogel, Jaap"]
[Black "Payen, Arnaud"]
[Result "1/2-1/2"]
[WhiteElo "2325"]
[BlackElo "2215"]

1.Nf3 d5 2.g3 Nf6 3.Bg2 c6 4.b3 Bf5 5.Bb2 e6 6.c4 Be7 7.d3 h6 8.a3 a5 9.Nbd2 O-O
10.O-O Nbd7 11.Qc2 Bh7 12.Rfe1 Qb6 13.Bd4 c5 14.Bb2 d4 15.e3 dxe3 16.Rxe3 Ng4
17.Ree1 Bf6 18.h3 Bxb2 19.Qxb2 Ngf6 20.Re3 Rfd8 21.Qc3 Ne8 22.Rae1 Nd6 23.g4 Qc7
24.d4 cxd4 25.Nxd4 e5 26.Nb5 Nxb5 27.cxb5 Qxc3 28.Rxc3 Nf6 29.Nc4 e4 30.Nb6 Rab8
31.Rec1 Bg6 32.Bf1 h5 33.Be2 Rd2 34.Rc8+ Rxc8 35.Rxc8+ Kh7 36.Kf1 e3 37.fxe3 Ne4
38.Ke1 Rb2 39.Rc1 hxg4 40.hxg4 Rxb3 41.Nc4 Rxb5 42.Bd3 Rg5 43.Be2 Nf6 44.Nd6 Nxg4
45.Bxg4 Rxg4 46.Nxb7 Rg1+ 47.Kd2 Rg2+ 48.Kc3 Re2 49.Kd4 Rd2+ 50.Kc4 a4 51.Nc5 Re2
52.Kd4 Bc2 53.Kc3 Rxe3+ 54.Kxc2 Rxa3 55.Rh1+ Kg6 56.Rg1+ Kh7 57.Rh1+ Kg8
58.Kb2 Re3 59.Nxa4 f5 60.Kc2 Kf7 61.Kd2 Re5 62.Nc3 Kf6 63.Ne2 Ra5 64.Ke3 g5
65.Rh8 Ra3+ 66.Kf2  1/2-1/2

[Event "Krumbach op"]
[Site "Krumbach"]
[Date "1991.??.??"]
[Round "4"]
[White "Egger, Thomas"]
[Black "Dankert, Peter"]
[Result "1/2-1/2"]
[WhiteElo "2275"]
[BlackElo "2235"]

1.Nf3 d5 2.g3 Nf6 3.Bg2 c5 4.O-O Nc6 5.d4 e6 6.c4 Be7 7.cxd5 exd5 8.dxc5 Bxc5
9.Qc2 Bb6 10.Nc3 h6 11.Bf4 O-O 12.Rad1 Be6 13.Nb5 Qd7 14.Nbd4 Rac8 15.Qb1 Bxd4
16.Nxd4 Bh3 17.Rfe1 Bxg2 18.Kxg2 Nxd4 19.Rxd4 Qe6 20.Qd3 a6 21.b3 Rfe8 22.f3 Rc6
23.Rb4 Qc8 24.Bd2 Re5 25.g4 Re8 26.Rf4 Ree6 27.Rf5 Red6 28.Bf4 Rd8 29.Be5 Nd7
30.Bd4 Nf8 31.Rd1 Ne6 32.Kf2  1/2-1/2

[Event "Krumbach op"]
[Site "Krumbach"]
[Date "1991.??.??"]
[Round "6"]
[White "Dunnington, Angus J"]
[Black "Junge, Ralf"]
[Result "1-0"]
[WhiteElo "2345"]
[BlackElo "2335"]

1.Nf3 d5 2.g3 c6 3.Bg2 Bg4 4.O-O e6 5.c4 Nf6 6.b3 Nbd7 7.Bb2 Bd6 8.d4 O-O
9.Nc3 Re8 10.Re1 Ne4 11.Nxe4 dxe4 12.Nd2 e3 13.fxe3 e5 14.Ne4 Bb4 15.Rf1 f5
16.Nf2 Qg5 17.a3 Bf8 18.Nxg4 Qxg4 19.d5 c5 20.e4 fxe4 21.e3 Qg5 22.Qe2 Nf6
23.Bh3 g6 24.Be6+ Kg7 25.Kg2 Bd6 26.h4 Qh6 27.Rxf6 Kxf6 28.Rf1+ Kg7 29.Rf7+ Kh8
30.Qf2 g5 31.Qf5 Rxe6 32.Qxe6 Qxe6 33.dxe6 Re8 34.Rd7 Bb8 35.Rxb7 Kg8 36.hxg5 Bd6
37.Rxa7 Rxe6 38.Kh3 Be7 39.Kg4 Kf7 40.Kf5 Rg6 41.Bxe5 Rxg5+ 42.Kxe4 Kg6 43.b4  1-0

[Event "Krumbach op"]
[Site "Krumbach"]
[Date "1991.??.??"]
[Round "8"]
[White "Galdunts, Sergey"]
[Black "Bode, Wilfried"]
[Result "1/2-1/2"]
[WhiteElo "2470"]
[BlackElo "2280"]

1.Nf3 d5 2.g3 Nf6 3.Bg2 Bf5 4.O-O e6 5.b3 a5 6.a4 Nc6 7.Bb2 Be7 8.Na3 O-O
9.e3 Nd7 10.Qe2 h6 11.d3 Bf6 12.d4 Nb4 13.Rfd1 c6 14.c3 Na6 15.Ne1 Qb6 16.e4 Bh7
17.Nac2 dxe4 18.Na3 Qc7 19.Nc4 Rfe8 20.Bxe4 Bxe4 21.Qxe4 e5 22.d5 Ndc5 23.Qc2 cxd5
24.Rxd5 Rad8 25.Ne3 Qb6 26.Ba3 Bg5 27.N1g2 Rxd5 28.Nxd5 Qxb3 29.Qxb3 Nxb3
30.Rb1 Nac5  1/2-1/2

[Event "Krumbach op"]
[Site "Krumbach"]
[Date "1991.??.??"]
[Round "9"]
[White "Gutman, Lev"]
[Black "Roeder, Frank"]
[Result "1-0"]
[WhiteElo "2445"]
[BlackElo "2285"]

1.Nf3 d5 2.g3 c6 3.Bg2 Bg4 4.Ne5 Bh5 5.d4 Nd7 6.Nd3 e6 7.O-O f5 8.Nd2 Ngf6
9.Nf3 h6 10.c4 dxc4 11.Nde5 Bxf3 12.Nxf3 Bd6 13.Nd2 Nb6 14.Qc2 O-O 15.Nxc4 Nxc4
16.Qxc4 Qe7 17.Bd2 Kh8 18.Rad1 Rad8 19.Ba5 Rd7 20.Rfe1 e5 21.dxe5 Bxe5 22.Bb4 Qf7
23.Qc5 Re8 24.b3 a6 25.Rxd7 Qxd7 26.e3 Qd3 27.Bf1 Qd5 28.Qc2 Qe4 29.Qxe4 fxe4
30.Rd1 Nd5 31.Be1 Re7 32.Bg2 Bb2 33.Rd2 Bc3 34.Rxd5 cxd5 35.Bxc3 Rc7 36.Bd4 Rc2
37.a4 Rc1+ 38.Bf1 Rb1 39.a5 Rxb3 40.Bh3 b5 41.axb6 a5 42.Bd7 Rb4 43.Bc5 Rc4
44.b7 Rc1+ 45.Kg2 Rb1 46.Bc6 a4 47.Bd6  1-0

[Event "Las Palmas op"]
[Site "Las Palmas"]
[Date "1991.??.??"]
[Round "7"]
[White "Danailov, Silvio"]
[Black "Solana Suarez, Ernesto"]
[Result "1-0"]
[WhiteElo "2475"]
[BlackElo "2275"]

1.Nf3 d5 2.g3 c5 3.Bg2 Nc6 4.d4 e6 5.O-O Nf6 6.c4 Be7 7.cxd5 exd5 8.Nc3 O-O
9.Bg5 cxd4 10.Nxd4 h6 11.Be3 Re8 12.Rc1 Bg4 13.h3 Be6 14.Kh2 Bd6 15.Ncb5 Qd7
16.Nxd6 Qxd6 17.Bf4 Qb4 18.Nxc6 bxc6 19.Rxc6 Qxb2 20.Rc2 Qb5 21.Qd4 Ne4 22.Be5 f6
23.Bc7 Re7 24.Rfc1 a6 25.h4 f5 26.Be5 Rf7 27.Bf3 Nf6 28.Rc6 Re8 29.a4 Qb7
30.Rc7 Qa8 31.Rxf7 Kxf7 32.Bxf6  1-0

[Event "Las Palmas"]
[Site "Las Palmas"]
[Date "1991.??.??"]
[Round "7"]
[White "Franco Ocampo, Zenon"]
[Black "Morovic Fernandez, Ivan"]
[Result "1/2-1/2"]
[WhiteElo "2495"]
[BlackElo "2535"]

1.Nf3 d5 2.g3 c6 3.Bg2 Bg4 4.b3 Nd7 5.Bb2 Ngf6 6.d3 e6 7.Nbd2 Be7 8.O-O O-O
9.h3 Bh5 10.e4 dxe4 11.Nxe4 Nxe4 12.dxe4 Bxf3 13.Bxf3 Qc7 14.Qe2 e5 15.Bg2 Rfd8
16.Rfd1 Nc5 17.Rxd8+ Rxd8 18.Rd1 Rxd1+ 19.Qxd1 Ne6 20.h4 Qd6 21.Qxd6 Bxd6
22.Kf1  1/2-1/2

[Event "Lenk op"]
[Site "Lenk"]
[Date "1991.??.??"]
[Round "6"]
[White "Weindl, Alfred"]
[Black "Behle, Karl Willi"]
[Result "1-0"]
[WhiteElo "2360"]
[BlackElo "2295"]

1.g3 d5 2.Nf3 c6 3.Bg2 Nf6 4.O-O Bg4 5.d3 Nbd7 6.Nbd2 e6 7.e4 Be7 8.Qe1 Bxf3
9.Nxf3 dxe4 10.dxe4 O-O 11.e5 Nd5 12.Qe2 Qc7 13.h4 Rfe8 14.Re1 a5 15.Bg5 Bf8
16.Rad1 a4 17.a3 h6 18.Bc1 b5 19.c4 bxc4 20.Qxc4 Bc5 21.Qg4 f5 22.exf6 N7xf6
23.Qg6 Qa7 24.Re2 Ne7 25.Qc2 Nf5 26.Bf4 Nd5 27.Be5 Rad8 28.Rf1 Rf8 29.Qe4 Rde8
30.Bh3 Qf7 31.Nd4 Bxd4 32.Bxd4 Qg6 33.Kh2 Nf6 34.Bxf6  1-0

[Event "Leon"]
[Site "Leon"]
[Date "1991.??.??"]
[Round "?"]
[White "Todorcevic, Miodrag"]
[Black "Bass, Leonid"]
[Result "0-1"]
[WhiteElo "2435"]
[BlackElo "2495"]

1.Nf3 d5 2.g3 c6 3.Bg2 Bg4 4.O-O Nd7 5.d4 e6 6.c4 Ngf6 7.b3 Be7 8.Bb2 O-O
9.Nbd2 b5 10.Ne5 Nxe5 11.dxe5 Nd7 12.h3 Bh5 13.cxb5 cxb5 14.f4 Rc8 15.g4 Bc5+
16.Kh2 Bxg4 17.hxg4 Qh4+ 18.Bh3 Bf2 19.Rg1 Bxg1+ 20.Qxg1 Rc2 21.Bc1 h5 22.gxh5 Qxf4+
23.Kh1 Rfc8 24.Qe1 Qxe5  0-1

[Event "ESP-ch"]
[Site "Lleida"]
[Date "1991.??.??"]
[Round "2"]
[White "Garcia, Alb"]
[Black "Rodriguez Vargas, Orestes"]
[Result "0-1"]
[WhiteElo "2335"]
[BlackElo "2460"]

1.Nf3 d5 2.g3 c6 3.Bg2 Bg4 4.h3 Bh5 5.d3 Nd7 6.Nbd2 e5 7.e4 Ngf6 8.g4 Bg6
9.Nh4 dxe4 10.dxe4 Nc5 11.Nf5 Qc7 12.O-O Ne6 13.Nb3 Nd7 14.Qe2 f6 15.Rd1 Rd8
16.Be3 Bf7 17.Rd2 g6 18.Ng3 Nf4 19.Qe1 Be7 20.Rad1 b6 21.Nc1 h5 22.Nd3 hxg4
23.hxg4 Be6 24.f3 Kf7 25.Nf2 Rh7 26.Bf1 Rdh8 27.Bc4 Nf8 28.Bxe6+ N4xe6 29.Qe2 Nd4
30.Bxd4 exd4 31.Qc4+ Ne6 32.Nf5 gxf5 33.gxf5 Qg3+ 34.Kf1 Qxf3  0-1

[Event "ESP-ch"]
[Site "Lleida"]
[Date "1991.??.??"]
[Round "6"]
[White "Garcia, Alb"]
[Black "San Segundo, Pablo"]
[Result "0-1"]
[WhiteElo "2335"]
[BlackElo "2410"]

1.Nf3 d5 2.g3 c6 3.Bg2 Bg4 4.h3 Bh5 5.d3 Nd7 6.O-O e6 7.e4 Bd6 8.Nbd2 Ne7
9.c3 O-O 10.Qe2 e5 11.Rd1 Qc7 12.g4 Bg6 13.Nf1 f6 14.Ng3 Bf7 15.Nh4 g6 16.Kh1 Nc5
17.Bh6 Rfe8 18.Rg1 Kh8 19.Bf1 Ne6 20.Nhf5 Nf4 21.Bxf4 exf4 22.Nh6 Ng8 23.Ngf5 gxf5
24.Nxf7+ Qxf7 25.gxf5 Ne7 26.h4 Nxf5  0-1

[Event "ESP-ch"]
[Site "Lleida"]
[Date "1991.??.??"]
[Round "7"]
[White "Garcia Fernandez, Carlos"]
[Black "Celaya, JM."]
[Result "1-0"]
[WhiteElo "2200"]
[BlackElo "2335"]

1.Nf3 d5 2.g3 g6 3.Bg2 Bg7 4.d4 Nf6 5.O-O O-O 6.c4 c6 7.b3 Ne4 8.Bb2 Na6
9.Nbd2 Nxd2 10.Qxd2 Nc7 11.c5 b6 12.cxb6 axb6 13.Rfc1 Bb7 14.a4 Ne6 15.b4 Qd6
16.Bf1 Ra7 17.e3 Rfa8 18.a5 bxa5 19.bxa5 Ba6 20.Ba3 Qc7 21.Bc5 Nxc5 22.Rxc5 Bxf1
23.Kxf1 e6 24.Qc3 Ra6 25.Ne5 Bxe5 26.dxe5 Qb7 27.h4 h5 28.Kg2 Rb8 29.Ra4 Qc7
30.Rf4 Rba8 31.Ra4 Rb8 32.Kh2 Qb7 33.Rf4 Qc7 34.e4 dxe4 35.Rxe4 Rba8 36.Ra4 Qa7
37.Kg2 Qc7 38.Ra3 Qd8 39.Ra2 Qc7 40.Kh2 Kg7 41.f4 Kg8 42.Kh3 Kg7 43.Qd2 Qd8
44.Qc3 Qd1 45.Rd2 Qh1+ 46.Rh2 Qf1+ 47.Rg2 Rd8 48.Qc4 Qh1+ 49.Rh2 Qd1 50.Qe2 Qb1
51.Rf2 Qf5+ 52.Kh2 Ra7 53.a6 Rd5 54.Rxc6 Ra5 55.Rf1 Ra3 56.Rd1 Ra5 57.Rc8 Rd5
58.Rxd5 exd5 59.Rc6 Qb1 60.e6 fxe6 61.Qxe6 Qb2+ 62.Kh3 Qb1 63.Qxd5 Kh6 64.Kh2 Qb2+
65.Qg2 Qb1 66.Qd2 Kh7 67.Rd6 Qb5 68.Qc2 Rg7 69.Rc6 Qa5 70.f5 Qe1 71.Re6 Qf1
72.fxg6+  1-0

[Event "ESP-ch"]
[Site "Lleida"]
[Date "1991.??.??"]
[Round "9"]
[White "Cacho Reigadas, Sergio"]
[Black "Celaya, JM."]
[Result "1/2-1/2"]
[WhiteElo "2200"]
[BlackElo "2200"]

1.Nf3 d5 2.g3 Nc6 3.d4 Nf6 4.Bg2 e6 5.O-O Be7 6.b3 O-O 7.Bb2 Bd7 8.c4 Ne4
9.Nfd2 Nxd2 10.Nxd2 dxc4 11.bxc4  1/2-1/2

[Event "Lombardia op"]
[Site "Lombardia"]
[Date "1991.??.??"]
[Round "?"]
[White "Bellini, Fabio"]
[Black "Ratti, Ruggero"]
[Result "1/2-1/2"]
[WhiteElo "2340"]
[BlackElo "2325"]

1.Nf3 d5 2.g3 Nf6 3.Bg2 c6 4.d3 Bf5 5.Nh4 Bc8 6.O-O e5 7.e4 dxe4 8.dxe4 Qxd1
9.Rxd1 Bg4 10.Re1 Nbd7 11.Be3 Bc5 12.Bxc5 Nxc5 13.Nd2 Nfd7 14.Nf5 g6 15.Ne3 Be6
16.f4 f6 17.f5 Bf7 18.h4 Ke7 19.Bh3 Rag8 20.fxg6 hxg6 21.b4 Na6 22.a3  1/2-1/2

[Event "London WFW"]
[Site "London"]
[Date "1991.??.??"]
[Round "?"]
[White "Larsen, Bent"]
[Black "Sadler, Matthew"]
[Result "1/2-1/2"]
[WhiteElo "2560"]
[BlackElo "2440"]

1.g3 d5 2.Nf3 c6 3.Bg2 Bg4 4.b3 Nd7 5.Bb2 Ngf6 6.O-O Qc7 7.c4 dxc4 8.bxc4 e5
9.Nc3 Be7 10.d3 O-O 11.Nd2 Rad8 12.Qc2 Nc5 13.Nb3 Rfe8 14.Kh1 Qd7 15.f3 Bh5
16.Rad1 Nxb3 17.axb3 Bc5 18.Bc1 h6 19.Na4 Bb4 20.Be3 Qe7 21.Ra1 b6 22.Bh3 Bg6
23.Nc3 Qb7 24.Ne4 Bxe4 25.fxe4 Nh7 26.Qc1 Be7 27.Bf5 g6 28.Bg4 h5 29.Bf3 c5
30.h3 a5 31.Kh2 Qc7 32.Qd2 Rd7 33.Rf2 Qd8 34.h4 Rd6 35.Qc3 Rc6 36.Raf1 Bf6
37.Bg2 Re7 38.Bh3 Kg7 39.Rf3 Kg8 40.Qe1 Rec7 41.Qf2 Ra7 42.Rh1 Qe7 43.Kg2 Rb7
44.Rf1 Ra7 45.Bd2 Rb7 46.Be1 Bg7 47.Qe3 Qf8 48.g4 Nf6 49.Rg3 hxg4 50.Bxg4 Bh6
51.Qf3 Nh7 52.Kh1 Bf4 53.Rgg1 Re7 54.Qh3 Rd6 55.h5 Qh6 56.Bf5 Kh8 57.hxg6 Qxh3+
58.Bxh3 Rxg6 59.Rxg6 fxg6 60.Kg2 Kg7 61.Bh4 Bg5 62.Bg3 Nf6 63.Bf2 Ne8 64.Rg1 Nd6
65.Kf1 Kh6 66.Ke1 Ra7 67.Rh1 Kg7 68.Bg3 Re7 69.Kd1 Kg8 70.Bg4 Kg7 71.Kc2 Kg8
72.Rf1 Kg7 73.Kb2 Kg8 74.Rf3 Kg7 75.Kc2 Kg8 76.e3 Nf7 77.Kd2 Kg7 78.Ke2 Nd6
79.Bh3 Bf6 80.Rf1 Bg5 81.Bg2 Nf7 82.Bf3 Bf6 83.Rd1 Kg8 84.Bg4 Nd6 85.Kf3 Nf7
86.Be1 Nd6 87.Bc3 Kg7 88.Be1 Kf8 89.Bf2 Kg7 90.Rg1 Kf8 91.Bh3 Kf7 92.Bg3 Kf8
93.Bh2 Rh7 94.Kg2 Re7 95.Kh1 Kf7 96.Rg2 Ra7 97.Rf2 Re7 98.Bg2 Kg7 99.Kg1 Bg5
100.Re2 Bf6 101.Bg3 Nf7 102.Kf2 Kf8 103.Ke1 Ra7 104.Ra2 Nd8 105.Kd2 Nc6 106.Ra1 Nb4
107.Bh3 Kf7 108.Bg4 Ra8 109.Rf1 Kg7 110.Bd1 Ra7 111.Kc3 Ra8 112.Rg1 Rh8 113.Bg4 Rd8
114.Be2 Kf7 115.Rf1 Kg7 116.Rd1 Re8 117.Bg4 Bg5 118.Kd2 Bf6 119.Ke2 Kf7  1/2-1/2

[Event "Lloyds Bank op"]
[Site "London"]
[Date "1991.??.??"]
[Round "8"]
[White "Kengis, Edvins"]
[Black "Sadler, Matthew"]
[Result "1-0"]
[WhiteElo "2575"]
[BlackElo "2480"]

1.Nf3 d5 2.g3 c6 3.Bg2 Bg4 4.O-O Nd7 5.d4 e6 6.Nbd2 Ngf6 7.c4 Bd6 8.b3 O-O
9.Bb2 Qe7 10.Ne5 Bh5 11.a3 Rad8 12.b4 Bc7 13.Nxd7 Rxd7 14.Re1 e5 15.cxd5 Nxd5
16.dxe5 Bxe5 17.Bxe5 Qxe5 18.Nc4 Qf6 19.Qc2 Rfd8 20.Rac1 Bg6 21.Qb3 Nb6 22.Na5 Qe7
23.Rcd1 Rd2 24.Rxd2 Rxd2 25.Qf3 h6 26.e4 Qd7 27.h4 Rd3 28.Re3 Rd1+ 29.Kh2 h5
30.Nxb7 Ra1 31.Na5 Qe6 32.Rc3 Qa2 33.Nxc6 Kh7 34.Qf4 Nc4 35.Ne7 Nd2 36.Qb8 f6
37.Rc8 Nf1+ 38.Bxf1 Qxf2+ 39.Bg2  1-0

[Event "USA-op Los Angeles"]
[Site "Los Angeles"]
[Date "1991.??.??"]
[Round "?"]
[White "Thinnsen, James A"]
[Black "Lputian, Smbat G"]
[Result "0-1"]
[WhiteElo "2345"]
[BlackElo "2570"]

1.Nf3 d5 2.g3 c6 3.Bg2 Nf6 4.O-O Bg4 5.c4 e6 6.Qb3 Qb6 7.Nc3 Nbd7 8.d4 Be7
9.Bg5 h6 10.Bxf6 Bxf6 11.e3 O-O 12.Na4 Qxb3 13.axb3 Rfc8 14.Rfc1 Be7 15.Nc3 Bf5
16.Nd2 a6 17.Kf1 Bd3+ 18.Ke1 Rd8 19.Bf1 Bf5 20.Ke2 c5 21.cxd5 cxd4 22.exd4 Nf6
23.Nc4 exd5 24.Ne3 Bd7 25.Bg2 Bc6 26.Kd3 g6 27.Rc2 Bb4 28.Rac1 Rd7 29.Bh3 Re7
30.Ng4 Ne4 31.f3 h5 32.Ne5 Rxe5 33.fxe4 dxe4+ 34.Kc4 Bxc3 35.dxe5 Bxe5 36.Rd1 f5
37.Rcd2 Kf7 38.Bf1 e3 39.Re2 Bb5+ 40.Kb4 Bxe2 41.Bxe2 Kf6 42.Rd3 Re8  0-1

[Event "USA-op Los Angeles"]
[Site "Los Angeles"]
[Date "1991.??.??"]
[Round "?"]
[White "Rosenberg, Daniel"]
[Black "Brooks, Michael A"]
[Result "1-0"]
[WhiteElo "2230"]
[BlackElo "2455"]

1.Nf3 d5 2.g3 c5 3.Bg2 Nc6 4.d3 Nf6 5.Bg5 e5 6.Bxf6 Qxf6 7.e4 d4 8.Nbd2 Bd6
9.Nc4 O-O 10.Nxd6 Qxd6 11.Qd2 b5 12.Nh4 Be6 13.O-O Rac8 14.f4 f6 15.f5 Bf7
16.g4 c4 17.g5 fxg5 18.Qxg5 cxd3 19.f6 g6 20.Qh6  1-0

[Event "USA-op Los Angeles"]
[Site "Los Angeles"]
[Date "1991.??.??"]
[Round "?"]
[White "Goldin, Alexander"]
[Black "Rachels, Stuart"]
[Result "1-0"]
[WhiteElo "2570"]
[BlackElo "2485"]

1.Nf3 d5 2.g3 Nf6 3.Bg2 Bf5 4.c4 e6 5.Qb3 Na6 6.d3 Nc5 7.Qc2 c6 8.O-O a5
9.b3 h6 10.Bb2 Be7 11.Nbd2 O-O 12.a3 Rc8 13.Rac1 Bh7 14.Qb1 b5 15.cxb5 cxb5
16.Ne5 Nfd7 17.Nxd7 Qxd7 18.Bc3 b4 19.axb4 axb4 20.Bd4 f6 21.Bh3 Nb7 22.Qa1 Ra8
23.Qb2 Nd6 24.Rc2 Nb5 25.Nf3 Ra6 26.Ra1 Na3 27.Rcc1 Qb7 28.Qd2 e5 29.Bc5 Rfa8
30.Bxe7 Qxe7 31.Nh4 Rb8 32.d4 exd4 33.Qxd4 Qe5 34.Qxe5 fxe5 35.Rc5 Rd6 36.Rxd5 Rbd8
37.Rxd6 Rxd6 38.Rc1 Bc2 39.Nf5 Rd8 40.Ne7+ Kh8 41.Nc6 Rd2 42.Nxb4 Rd1+ 43.Rxd1 Bxd1
44.Nc6 e4 45.Nd4 Nb1 46.e3 Nd2 47.b4 Ba4 48.b5  1-0

[Event "URS-ch (Women)"]
[Site "Lvov"]
[Date "1991.??.??"]
[Round "?"]
[White "Matveeva, Svetlana"]
[Black "Shumiakina, Tatiana"]
[Result "1-0"]
[WhiteElo "2325"]
[BlackElo "2290"]

1.Nf3 d5 2.g3 Nf6 3.Bg2 Bf5 4.O-O e6 5.c4 c6 6.d3 dxc4 7.dxc4 Qxd1 8.Rxd1 Nbd7
9.Nc3 h6 10.Bf4 Bc5 11.Na4 Be7 12.Nd4 Bg6 13.Nb3 O-O 14.Rac1 a5 15.Bd6 Bxd6
16.Rxd6 Rfe8 17.Nbc5 Nxc5 18.Nxc5 Rab8 19.Rcd1 Rec8 20.f4 b5 21.b3 bxc4 22.bxc4 Rb2
23.R6d2 Rb4 24.Rc1 Ng4 25.a3 Rb6 26.e4 Rcb8 27.Bf3 Rb1 28.Rdd1 Rxc1 29.Rxc1 Nf6
30.g4 h5 31.h3 hxg4 32.hxg4 Ne8 33.f5 exf5 34.exf5 Bh7 35.Bxc6 g6 36.Bxe8 Rxe8
37.Nd7 Rd8 38.Nf6+ Kg7 39.Nxh7 Kxh7 40.c5 Rc8 41.c6 gxf5 42.gxf5 Kg7 43.Rc5 Kf6
44.Kf2 Ke7 45.Ke3 Kd6 46.Kd4 f6 47.Rd5+ Kc7 48.Kc5 Re8 49.Rd7+ Kc8 50.Rf7 Re3
51.a4 Rb3 52.Rxf6 Rb1 53.Rf8+ Kc7 54.Rf7+ Kc8 55.Ra7  1-0

[Event "Malaga op"]
[Site "Malaga"]
[Date "1991.??.??"]
[Round "6"]
[White "Garcia Luque, Agustin"]
[Black "Antunes, Antonio"]
[Result "1/2-1/2"]
[WhiteElo "2345"]
[BlackElo "2470"]

1.Nf3 d5 2.g3 Nf6 3.Bg2 c6 4.c4 Bg4 5.cxd5 Bxf3 6.Bxf3 cxd5 7.Nc3 e6 8.O-O Be7
9.e4 dxe4 10.Nxe4 Nc6 11.d4 O-O 12.Nxf6+ Bxf6 13.d5 exd5 14.Qxd5 Nd4 15.Rb1 Nxf3+
16.Qxf3 Qa5 17.a3 Qb5 18.Be3 a6 19.b3 Rfd8 20.Rfc1 Rac8 21.Rxc8 Rxc8 22.Rc1 Rxc1+  1/2-1/2

[Event "Manzanillo"]
[Site "Manzanillo"]
[Date "1991.??.??"]
[Round "6"]
[White "Armas, Jorge"]
[Black "Ovalles, Otto"]
[Result "1-0"]
[WhiteElo "2400"]
[BlackElo "2260"]

1.Nf3 d5 2.g3 e6 3.Bg2 c5 4.O-O Nc6 5.c4 Nf6 6.cxd5 exd5 7.d4 Be7 8.Nc3 O-O
9.Bg5 c4 10.Ne5 Be6 11.Nxc6 bxc6 12.b3 Qa5 13.Na4 Rfd8 14.Qc2 Rac8 15.e3 c5
16.Nxc5 Bxc5 17.dxc5 Qxc5 18.Bxf6 gxf6 19.Rac1 Qb4 20.Qd1 cxb3 21.Rxc8 Rxc8
22.axb3 d4 23.exd4 Qxb3 24.d5 Qxd1 25.Rxd1 Bd7 26.h3 a5 27.Rb1 Kf8 28.d6 a4
29.Rb7 Rd8 30.Bd5 Be6 31.Bxe6 fxe6 32.Rxh7 Rxd6 33.Ra7 Rd1+ 34.Kg2 Ra1 35.Kf3 a3
36.Kg4 a2 37.h4 Kg8 38.Kh5 Kf8 39.Kg6 f5 40.h5 f4 41.h6 fxg3 42.h7 Rh1 43.fxg3  1-0

[Event "AUS-ch"]
[Site "Melbourne"]
[Date "1991.??.??"]
[Round "5"]
[White "Miles, Anthony J"]
[Black "Kagan, Naum"]
[Result "1-0"]
[WhiteElo "2585"]
[BlackElo "2305"]

1.g3 d5 2.Nf3 Nf6 3.Bg2 g6 4.b3 Bg7 5.Bb2 O-O 6.c4 c6 7.d3 dxc4 8.bxc4 Nbd7
9.O-O Re8 10.Nbd2 Nc5 11.Nb3 Nxb3 12.axb3 Bg4 13.h3 Bxf3 14.Bxf3 Qd7 15.Kg2 h5
16.Ra5 a6 17.Qa1 Rf8 18.Rd1 Ne8 19.d4 Nc7 20.h4 Rad8 21.e4 f5 22.d5 fxe4
23.Bxe4 Bxb2 24.Qxb2 Ne6 25.Rd3 Qc7 26.b4 cxd5 27.cxd5 b6 28.Raa3 Qc4 29.Qe5 Ng7
30.Bxg6 Qxb4 31.Qg5 Qc5 32.Rf3 Rf6 33.Qh6 Rxg6 34.Qxg6 a5 35.Rae3 a4 36.Qf7+ Kh7
37.Rxe7 Qd4 38.Rf5 Rd6 39.Rxh5+ Rh6 40.Rg5  1-0

[Event "Miedzybrodzie op"]
[Site "Miedzybrodzie"]
[Date "1991.??.??"]
[Round "5"]
[White "Budnikov, Alexandar"]
[Black "Petelin, A."]
[Result "0-1"]
[WhiteElo "2440"]
[BlackElo "2365"]

1.Nf3 d5 2.g3 Bg4 3.Bg2 c6 4.c4 e6 5.b3 Nd7 6.Bb2 Ngf6 7.O-O a5 8.a3 Be7
9.d3 O-O 10.Nbd2 Qb8 11.Rc1 Re8 12.Qc2 e5 13.h3 Bh5 14.Rfe1 e4 15.dxe4 dxe4
16.Nxe4 Nxe4 17.Qxe4 Bxa3 18.Qd4 Bxb2 19.Qxb2 Nc5 20.b4 axb4 21.Qxb4 Qa7
22.Qc3 Qa3 23.Qxa3 Rxa3 24.Nd4 f6 25.e3 Nd3 26.Ra1 Rea8 27.Rxa3 Rxa3 28.Rb1 Nc5
29.Rb2 Kf8 30.Nf5 Bg6 31.Nd6 Ra1+ 32.Kh2 Rb1 33.Rd2 Bd3 34.e4 g6 35.f4 Ke7
36.e5 fxe5 37.fxe5 Ke6 38.Rf2 Kxe5 39.Nf7+ Kd4 40.Rf4+ Kc3 41.Nd6 h5 42.h4 Re1
43.Nxb7 Nxb7 44.Bxc6 Nc5 45.Bd5 Rf1 46.Rxf1 Bxf1 47.Bf7 Bxc4 48.Bxg6 Be2
49.Bf5 Bg4 50.Bg6 Kd4 51.Kg2 Ke3 52.Be8 Ne4 53.Bg6 Bf3+ 54.Kh3 Kf2  0-1

[Event "Miedzybrodzie op"]
[Site "Miedzybrodzie"]
[Date "1991.??.??"]
[Round "10"]
[White "Ionov, Sergey"]
[Black "Solozhenkin, Evgeniy"]
[Result "0-1"]
[WhiteElo "2515"]
[BlackElo "2415"]

1.Nf3 d5 2.g3 c6 3.Bg2 Bg4 4.c4 e6 5.O-O Nd7 6.b3 Ngf6 7.Bb2 Bd6 8.d4 Qb8
9.Nbd2 h6 10.Qe1 O-O 11.e4 Bb4 12.e5 Ne4 13.Qe3 f5 14.exf6 Nxd2 15.Nxd2 Rxf6
16.f4 Bxd2 17.Qxd2 Bf5 18.Qe2 Rg6 19.Ba3 Nf6 20.Qe5 Qd8 21.cxd5 cxd5 22.Qd6 Qa5
23.Qb4 Qa6 24.Rf2 h5 25.Bf1 Qb6 26.Qxb6 axb6 27.Bb2 h4 28.Rf3 Ne4 29.Kg2 hxg3
30.hxg3 Nd2 31.Rc3 Be4+ 32.Kg1 Nxf1  0-1

[Event "POL-chT"]
[Site "Mikolajki"]
[Date "1991.??.??"]
[Round "1"]
[White "Ocytko, Andrzej"]
[Black "Moroz, Alexander"]
[Result "0-1"]
[WhiteElo "2305"]
[BlackElo "2405"]

1.Nf3 d5 2.g3 c6 3.Bg2 Bg4 4.b3 Nd7 5.Bb2 Ngf6 6.c4 e6 7.O-O Bc5 8.d3 O-O
9.Nbd2 a5 10.a3 Re8 11.Qc2 Qb6 12.Bc3 d4 13.b4 axb4 14.Bxb4 e5 15.Rab1 Qa7
16.Rfc1 Bf8 17.Bxf8 Kxf8 18.c5 Reb8 19.Nc4 Bxf3 20.Bxf3 Qxc5 21.a4 Qe7 22.Rb2 Ra6
23.Rcb1 Nc5 24.Nb6 g6 25.Qc4 Rd8 26.Rb4 Nfd7 27.Nxd7+ Rxd7 28.Rc1 Ra5 29.Bg4 Rd8
30.Rcb1 Rda8 31.e3 dxe3 32.fxe3 Rxa4 33.d4 exd4 34.exd4 Qe3+ 35.Kg2 Ra2+  0-1

[Event "POL-chT"]
[Site "Mikolajki"]
[Date "1991.??.??"]
[Round "5"]
[White "Jaracz, Pawel"]
[Black "Ivanov, Sergey"]
[Result "0-1"]
[WhiteElo "2300"]
[BlackElo "2440"]

1.Nf3 d5 2.g3 g6 3.Bg2 Bg7 4.O-O c5 5.d3 Nc6 6.Nc3 Nf6 7.a3 O-O 8.Rb1 Bg4
9.Bd2 Rc8 10.b4 d4 11.Na4 cxb4 12.axb4 b5 13.Nc5 Nd5 14.h3 Bxf3 15.Bxf3 e6
16.Qe1 Qe7 17.Bxd5 exd5 18.e4 dxe3 19.Qxe3 Qd6 20.Qf3 Nd4 21.Qd1 Rfe8 22.Kg2 Ne2
23.Re1 Nc3 24.Bxc3 Bxc3 25.Rxe8+ Rxe8 26.Qg4 h5 27.Qf3 Re5 28.Qf4 Qe7 29.Rb3 Be1
30.d4 Rf5 31.Re3 Qf6 32.Qb8+ Kh7 33.f4 Bxb4 34.Nb3 Qc6 35.Re2 h4 36.g4 Rf6
37.Qe5 Re6  0-1

[Event "Mondorf op"]
[Site "Mondorf"]
[Date "1991.??.??"]
[Round "6"]
[White "Haas, Georges"]
[Black "Flear, Christine"]
[Result "1/2-1/2"]
[WhiteElo "2305"]
[BlackElo "2210"]

1.Nf3 d5 2.g3 Nf6 3.Bg2 Bg4 4.d3 e6 5.Nbd2 Nbd7 6.O-O c6 7.h3 Bxf3 8.Nxf3 Be7
9.Re1 O-O 10.e4 dxe4 11.dxe4 Nc5 12.Nd2 e5 13.Qe2 Qc7 14.a4 Rfd8 15.a5 Ne6
16.Nb3 Nd7 17.Rf1 Ndc5 18.Nxc5 Bxc5 19.c3 Qd7 20.Qh5 g6 21.Qf3 Be7 22.Be3 Ng5
23.Qg4 Qxg4 24.hxg4 Ne6 25.Rfd1 Bc5 26.Bh6 Bf8 27.Bd2 a6 28.Bf1 Rd7 29.Be3  1/2-1/2

[Event "Mondorf op"]
[Site "Mondorf"]
[Date "1991.??.??"]
[Round "9"]
[White "Berend, Fred"]
[Black "Flear, Christine"]
[Result "1-0"]
[WhiteElo "2300"]
[BlackElo "2210"]

1.Nf3 d5 2.g3 Nf6 3.Bg2 Bg4 4.O-O e6 5.h3 Bh5 6.d3 Be7 7.Nbd2 Nbd7 8.b3 c6
9.Bb2 Qc7 10.c4 O-O 11.Rc1 Rad8 12.Rc2 Qb8 13.Qa1 Ne8 14.Re1 Bf6 15.cxd5 Bxb2
16.Qxb2 exd5 17.b4 Qd6 18.a3 Nc7 19.Nb3 Rfe8 20.Rec1 Bxf3 21.Bxf3 Ne5 22.Bg2 Re7
23.Na5 Ne8 24.d4 Ng6 25.b5 cxb5 26.Rc5 Nf6 27.Rxb5 Rde8 28.Nxb7 Qe6 29.e3 h5
30.Nc5 Qd6 31.Qb4 h4 32.g4 Kh7 33.g5 Nh5 34.Nd3 Qe6 35.Ne5 Ngf4 36.exf4 Nxf4
37.Rc6 Qf5 38.Qb1 Ne2+ 39.Kh2 Qxb1 40.Rxb1 Nxd4 41.Rb4 Nxc6 42.Rxh4+ Kg8
43.Nxc6 Rd7 44.Rd4 Re6 45.Nb4 Kf8 46.Kg3 a5 47.Nd3 Rc6 48.Ne5 Rc3+ 49.Kf4 Rd6
50.Bxd5 Rxa3 51.Nxf7 Rb6 52.Ne5 Rb4 53.Bc4  1-0

[Event "Montpellier"]
[Site "Montpellier"]
[Date "1991.??.??"]
[Round "3"]
[White "Spiridonov, Nikola"]
[Black "Lukacs, Peter"]
[Result "1/2-1/2"]
[WhiteElo "2400"]
[BlackElo "2460"]

1.Nf3 d5 2.g3 Nf6 3.Bg2 c6 4.d3 Bg4 5.Nbd2 e6 6.h3 Bh5 7.O-O Be7 8.c4 Nbd7
9.b3 O-O 10.Bb2 a5 11.a3 Bd6 12.Re1 e5 13.Qc2 Rc8 14.e3 Qe7 15.Nh4 Qe6 16.e4 d4
17.Kh2 Rcd8 18.Bf3 Bxf3 19.Ndxf3 g6 20.Qc1 Nh5  1/2-1/2

[Event "FRA-ch Acc"]
[Site "Montpellier"]
[Date "1991.??.??"]
[Round "7"]
[White "Vuillerme, F."]
[Black "Zawadski, Stephane"]
[Result "0-1"]
[WhiteElo "2040"]
[BlackElo "2225"]

1.Nf3 d5 2.g3 Nf6 3.Bg2 c6 4.d3 Bg4 5.Nbd2 Nbd7 6.O-O e5 7.e4 dxe4 8.dxe4 Bc5
9.Qe2 O-O 10.Nc4 Bh5 11.Qd3 Qc7 12.Nh4 b5 13.Ne3 Rad8 14.c3 Rfe8 15.Re1 Bf8
16.Qc2 Nc5 17.f3 Nd3 18.Re2 Bc5 19.Kf1 Nxc1 20.Rxc1 Qb6 21.Rce1 a5 22.g4 Bg6
23.Nef5 Bxf5 24.Nxf5 g6 25.Ng3 Qc7 26.Rd1 Ba7 27.Nh1 Qb6 28.Nf2 Qc5 29.Ke1 Bb6
30.Bf1 Nd7 31.Nh3 Nf8 32.Red2 Ne6 33.Rxd8 Bxd8 34.Qf2 Qf8 35.Qe3 Bh4+ 36.Kd2 b4
37.Kc2 bxc3 38.bxc3 Qa3 39.Bc4 Rb8 40.Kd3 Nc5+ 41.Ke2 Rb2+ 42.Rd2 Rb1 43.Nf2 Kg7
44.f4 Bxf2 45.Kxf2 Qc1 46.Kg2 Nxe4  0-1